Eclipse total de sol.

Guardado en:
Formato: Deslizar
Materias:
SOL
Etiquetas: Agregar Etiqueta
Sin Etiquetas, Sea el primero en etiquetar este registro!
LEADER 00743ngm a22002415g 4500
001 CEM.cems022423
008 130507b1999##################0###0#####d
005 20241101145518.0
245 0 0 |a Eclipse total de sol. 
300 |a 17'. 
500 |a En soporte VHS, consultar en ventanilla. 
505 0 |a Eclipse total de sol ocurrido el día 11 de agosto de 1999. 
538 |a Soporte: VHS - Norma: Pal N - Color: Si - Grabación DRD 1999 - Hitachi=5185 
082 5 3 |/ CAM 
653 |a ASTRONOMIA 
653 |a SOL 
653 |a ECLIPSE 
653 |a LUNA 
653 |a PLANETAS 
653 |a ECLIPSE DE SOL 
653 |a NIVEL PRIMARIO 
653 |a NIVEL SECUNDARIO 
859 |a CEMS  |b BIB. CEMS - Depto. Recursos Didacticos  |h 530  |i CAM  |k DRD  |p 1066.12  |t Ej.1